| 000 | 00615nam a2200181Ia 4500 | ||
|---|---|---|---|
| 008 | 100921s9999 xx 000 0 und d | ||
| 082 |
_b18624 _a351.74 थ 83 |
||
| 100 | _aप्रधान श्रीधर. | ||
| 245 | _aकसोटीचे क्षण. | ||
| 260 |
_bमनोरमा प्रकाशन,मुंबई. _c1983 |
||
| 300 |
_a229 _b--- |
||
| 365 | _b45 | ||
| 520 | _aस.शा-पोलिसखाते. | ||
| 630 | _aकसोटीचे क्षण. | ||
| 650 | _aस.शा-पोलिसखाते. | ||
| 730 | _aकसोटीचे क्षण. | ||
| 942 | _cBOOK | ||
| 999 |
_c767737 _d767734 |
||